| 000 | 00860cam a22002534a 4500 | ||
|---|---|---|---|
| 020 | _a0821363727 | ||
| 020 | _a9780821363720 | ||
| 040 | _cDLC | ||
| 082 | 0 | 0 | _a304 PAL2006 A064 Or. |
| 245 | 0 | 0 | _aInternational migration, remittances, and the brain drain / |
| 246 | 0 | _aInternational migration, remittances, & the brain drain | |
| 260 |
_aWashington, DC : _bWorld Bank : _bPalgrave Macmillan, _c2006. |
||
| 300 |
_axiv, 274 p. : _bill. ; _c23 cm. |
||
| 650 | 0 | _aEmigration and immigration. | |
| 650 | 0 | _aMigration, Internal. | |
| 650 | 0 | _aEmigrant remittances. | |
| 650 | 0 | _aMigrant remittances. | |
| 650 | 0 | _aBrain drain. | |
| 700 | 1 | _aÖzden, Çaglar. | |
| 700 | 1 | _aSchiff, Maurice W. | |
| 856 | 4 | 1 | _uhttp://www.loc.gov/catdir/toc/fy0609/2005054335.html |
| 856 | 4 | 2 | _uhttps://www.loc.gov/catdir/enhancements/fy1609/2005054335-d.html |
| 942 | _cEK | ||
| 999 |
_c13890 _d13890 |
||